| 000 | 00000nam##2200000za#4500 |
| 001 | 9.698964 |
| 003 | CaOODSP |
| 005 | 20241203113638 |
| 007 | cr ||||||||||| |
| 008 | 150407|2006||||xxc|||||o f|0| 0 eng|d |
| 040 | |aCaOODSP|beng |
| 043 | |an-cn--- |
| 086 | 1 |aEn14-131/2006E-PDF |
| 110 | 1 |aCanada. |bEnvironment Canada. |
| 245 | 10|aPilot project on the transboundary movement of municipal solid waste between Canada and the United States : |h[electronic resource]|bevaluation report |
| 260 | |aOttawa - Ontario : |bEnvironment Canada |cNovember 7, 2006. |
| 300 | |a25p.|btables |
| 590 | |a14-08-Supp|b2014-04-10 |
| 690 | 07|aWaste management|2gcpds |
| 690 | 07|aEnvironmental impact|2gcpds |
| 775 | 08|tProjet pilote sur les mouvements transfrontalier des déchets solides municipaux entre le Canada et les États-Unis : |w(CaOODSP)9.642995 |
| 856 | 40|ahttp://publications.gc.ca|qPDF|s485 KB|uhttps://publications.gc.ca/collections/collection_2014/ec/En14-131-2006-eng.pdf |